| 000 | 00560nam a22002057a 4500 | ||
|---|---|---|---|
| 080 | _a340.12 V 711 | ||
| 100 | _aVilley, Michel | ||
| 245 | _aLos Fundadores de la Escuela moderna del Derecho Natural | ||
| 260 |
_aBuenos Aires _bGhersi _c1978 |
||
| 300 | _a83 P: | ||
| 490 | _aPequeña Biblioteca de Filosofìa del Derecho | ||
| 650 | _xfilosofìa del derecho | ||
| 650 | _xderecho natural | ||
| 650 | _xHugo Grocio | ||
| 650 | _xPufendorf Samuel | ||
| 650 | _xJhon Locke | ||
| 650 | _xGottfried W Leibniz | ||
| 945 |
_acd _d2015-08-21 |
||
| 999 |
_c4116 _d234620 |
||
| 942 | _6_ | ||